Normal view
MARC view
- Abandonment of property
Entry Topical Term
001 - CONTROL NUMBER
- control field: 94805
003 - CONTROL NUMBER IDENTIFIER
- control field: NUST
005 - DATE AND TIME OF LATEST TRANSACTION
- control field: 20220724181051.0
008 - FIXED-LENGTH DATA ELEMENTS
- fixed length control field: 220724|| aca||aabn | a|a d
040 ## - CATALOGING SOURCE
- Original cataloging agency: NUST
- Transcribing agency: NUST
150 ## - HEADING--TOPICAL TERM
- Topical term or geographic name entry element: Abandonment of property
- Geographic subdivision: California
- Geographic subdivision: Salton Sea
- Form subdivision: Pictorial works
670 ## - SOURCE DATA FOUND
- Source citation: Work cat.: (NUST)0: Willinger, Andy., author. 94803, Abandoned California :
